LEADER 01052nam a2200253 u 4500 001 000000002329 003 CaOOAMICUS 005 20070226104423.0 008 940920s1950 be u000 u fre u 035 $a10058151 040 $aPUL(R)$bita 100 1 $aDelhaye, Philippe.$0(OLS)http://pul/name/16 245 14$aUne controverse sur l'âme universelle au IXe siècle /$cPh. Delhaye. 260 $aNamur :$bCentre d'études médiévales,$c1950. 300 $a71, [1] p. ;$c25 cm 490 1 $aAnalecta mediaevalia Namurcensia ;$v[1] 504 $a"Table bibliographique": [69]-71. 830 0$aAnalecta mediaevalia Namurcensia ;$v[1].$0(OLS)http://pul/title/3455 850 $aPUL 852 $aPUL$W1$xSL Religione 1$y3$m80 B 50$j3093$nBK-PRI$b $qStampati$B3093$CPULBib$Z2$F3093 $H $81 941 1 $a8 961 $aINV: 26167 996 $6245$aUne controverse sur l'âme universelle au IXe siècle$9(OLS)http://pul/title/3454 996 $6260$aNamur :$bCentre d'études médiévales$9(OLS)http://pul/publisher/49277 LEADER 01438nam a2200313 u 4500 001 000000029170 003 CaOOAMICUS 005 20070226111903.0 008 970210s1996 fr abe u000 u fre u 020 $a2701013380 035 $a10751449 040 $aEFR$bita 245 00$aMarie :$ble culte de la Vierge dans la société médiévale /$cétudes réunies par Dominique Iogna-Prat, Eric Palazzo, Daniel Russo ; préface de Georges Duby. 246 30$aCulte de la Vierge dans la société médiévale 260 $aParis :$bBeauchesne,$c1996. 300 $a623 p. :$bill., cartes, plans ;$c24 cm 504 $aNotes bibliogr. 600 00$aMary,$cBlessed Virgin, Saint$xHistory of doctrines.$2//eng$0(OLS)http://pul/subject/16798 700 1 $aIogna-Prat, Dominique,$d1952-$0(OLS)http://pul/name/23625 700 1 $aPalazzo, Eric.$0(OLS)http://pul/name/16868 700 1 $aRusso, Daniel,$d1956-$0(OLS)http://pul/name/23626 850 $aPUL 852 $aPUL$W1$xDP2 Religione 1$y63$m66 L 35$j40424$nBK-PRI$qStampati$B40424$CPULBib$Z2$F40424 $82 941 1 $a8 961 $aINV: 76641 996 $6020$a2701013380$9(OLS)http://pul/number/36378 996 $6245$aMarie :$ble culte de la Vierge dans la société médiévale$9(OLS)http://pul/title/39887 996 $6246$aCulte de la Vierge dans la société médiévale$9(OLS)http://pul/title/39888 996 $6260$aParis :$bBeauchesne$9(OLS)http://pul/publisher/48115